=LDR 00000nam 2200000 4500 =001 INLIS000000000025008 =005 20200910102820 =035 ##$$a 0010-061300000025008 =008 200910################g##########0#ind## =041 ##$$a Ind =082 ##$$a 2X3. 1 =090 ##$$a 2X3, Gha d =100 ##$$a Ghajali, Imam =245 1#$$a Di puncak keimanan : $b Jejak pendakian amal sesuai timbangan /$c Imam Ghajali;Penerjemah, H. Bahruddin; Penyunting, Abu muhsin =260 ##$$a Jakarta,$c 2000 =300 ##$$a 194 hlm ; $c 15 x 23 cm =650 #4$$a Iman =850 ##$$a NBPNMAT =020 ##$$a 979-3000-43-0 =084 ##$$a 2X3. 1 GHA d =250 ##$$a Cet. 1 =990 ##$$a 10311720